00470nmm a2200169Ia 4500008004100000020001800041041000800059100001900067245002300086264005500109300001800164490001400182650002900196856005100225942000700276999001700283251105s9999||||xx |||||||||||||||||und|| a9789560101495 aspa aRíos, Carlos 0aObstinada pasión a[Santiago de Chile, Chile] :bRil editores, c2015 a109 páginas a80 mundos aLatin American narrative uhttps://public.digitaliapublishing.com/a/37320 cCF c93670d93670